Pink Floyd - The Wall Songs - Statistics

General Stats
  • This quiz has been taken 63 times
  • The average score is 19 of 26
Answer Stats
Spotify Streams Song % Correct
735,784,807 Comfortably Numb
96%
1,091,977,995 Another Brick In The Wall, Pt. 2
92%
150,299,449 Another Brick In The Wall, Pt. 1
88%
76,605,433 In The Flesh?
88%
41,661,434 In The Flesh
88%
318,574,431 Hey You
86%
38,484,955 The Trial
84%
58,690,757 Another Brick In The Wall, Pt. 3
82%
104,646,746 Goodbye Blue Sky
82%
140,197,568 Mother
82%
38,830,168 Vera
82%
59,325,901 The Thin Ice
80%
24,123,638 Outside The Wall
76%
32,546,698 Bring The Boys Back Home
73%
77,285,491 Run Like Hell
71%
154,113,356 Young Lust
71%
57,050,914 Is There Anybody Out There?
67%
34,367,805 Waiting For The Worms
65%
46,543,288 Nobody Home
63%
30,061,585 Stop
63%
65,928,321 The Happiest Days Of Our Lives
63%
44,424,197 Goodbye Cruel World
61%
44,430,220 The Show Must Go On
61%
50,513,971 Empty Spaces
57%
49,946,744 One Of My Turns
57%
42,304,021 Don't Leave Me Now
51%
No matching quizzes found
Score Distribution
Percent of People with Each Score
Percentile by Number Answered
Your Score History
You have not taken this quiz